000 00323nam a2200121Ia 4500
008 191201s1993 xx 000 0 und d
100 _aKLEIN, Werner
245 0 _aManual of Textile Technology New Spninning Systems
260 _aN. Delhi
_bTextile Institute
_c1993
300 _a50
650 _aB.Tech(TE)
942 _2ddc
_cBK
999 _c5184
_d5184